Personnalités mortes ou enterrées à Paris - Statistiques

Statistiques générales
  • Ce quiz a été pris 26 449 fois
  • Le résultat moyen est 13 sur 20
Statistiques - réponses
Mort Âge Indice Personnalité % Correct
1821 51 Il a conquis une grande partie de l'Europe Napoléon
95%
1885 83 Auteur des "Misérables Victor Hugo
93%
1793 38 Dernier roi de l'Ancien Régime Louis XVI
92%
1963 47 Elle chantait "Non, je ne regrette rien" Édith Piaf
90%
1934 66 Physicienne née polonaise qui étudia la radiation Marie Curie
90%
1923 91 Ingénieur d'une tour qui porte son nom Gustave Eiffel
83%
1673 51 Dramaturge de Louis XIV dont la légende dit qu'il mourut sur scène Molière
80%
1852 43 Il a développé un système d'écriture pour aveugle Louis Braille
78%
1778 83 Fameuse figure des Lumières qui a écrit "Candide" Voltaire
75%
1895 72 À l'origine d'un procédé empêchant la contamination du lait par bactéries. Louis Pasteur
73%
1997 36 Membre de la famille royale d'Angleterre Princesse Diana
71%
1870 68 Auteur des "Trois Mousquetaires" Alexandre Dumas
68%
1935 57 Fondateur d'une marque Automobile qui porte son nom (Un parc portant son nom se trouve là où était l'ancienne usine parisienne de cette marque) André Citroën
61%
1986 78 Féministe à l'origine du concept existentialiste de "Deuxième Sexe" Simone de Beauvoir
48%
1793 50 Révolutionnaire assassiné dans son bain, peint par Jacques Louis David Jean-Paul Marat
43%
1849 39 Compositeur et pianiste virtuose polonais Frédéric Chopin
35%
1971 27 Chanteur des Doors Jim Morrison
35%
1900 46 Écrivain irlandais auteur du "Portrait de Dorian Gray" Oscar Wilde
31%
2007 84 Plus célèbre mime de l'histoire Marcel Marceau
30%
1989 83 Dramaturge irlandais dont la pièce la plus célèbre parle de quelqu'un qui n'arrive jamais. Samuel Beckett
23%
Aucun quiz correspondant
Distribution des résultats
% des personnes avec chaque résultat
Percentile par nombre de réponses
Votre historique - résultats
Vous n’avez pas pris ce quiz